How to create innovation : the ultimate guide to proven strategies and #businessmodels for driving #innovation and #digitaltransformation!

"In this comprehensive guide to leading innovation Stefan F. Dieffenbacher and his co-authors show you how to become an organization that plays to win. The only book on business innovation you will ever need, it is a truly practical guide to drive innovation and digital transformation in your o...

Full description

Saved in:
Bibliographic Details
Main Authors Dieffenbacher, Stefan F. (Author), Hüttinger, Caroline (Author), Zaninelli, Susanne M. (Author), Lines, Douglas (Author), Rein, Andreas (Organizational development leader) (Author)
Format Electronic eBook
LanguageEnglish
Published Hoboken, New Jersey : John Wiley & Sons, Inc., [2024]
Subjects
Online AccessFull text
ISBN9781394254286
9781394291120
9781394254262
Physical Description1 online zdroj (457 stran) : ilustrace

Cover

LEADER 00000nam a2200000 i 4500
001 115498
003 CZ-ZlUTB
005 20260416143926.0
006 m o d
007 cr cnu---unuuu
008 240417s2024 njua ob 001 0 eng
040 |a EBZ  |b eng  |c EBZ  |e rda 
020 |a 9781394254286  |q (electronic book) 
020 |a 9781394291120  |q (electronic book) 
020 |z 9781394254262  |q (paperback) 
042 |a pcc 
100 1 |a Dieffenbacher, Stefan F.,  |e author. 
245 1 0 |a How to create innovation :  |b the ultimate guide to proven strategies and #businessmodels for driving #innovation and #digitaltransformation! /  |c created by Stefan F. Dieffenbacher, Caroline Hüttinger, Susanne M. Zaninelli, Douglas Lines, Andreas Rein. 
264 1 |a Hoboken, New Jersey :  |b John Wiley & Sons, Inc.,  |c [2024] 
300 |a 1 online zdroj (457 stran) :  |b ilustrace 
336 |a text  |b txt  |2 rdacontent 
337 |a počítač  |b c  |2 rdamedia 
338 |a online zdroj  |b cr  |2 rdacarrier 
504 |a Obsahuje bibliografické odkazy a index. 
506 |a Plný text je dostupný pouze z IP adres počítačů Univerzity Tomáše Bati ve Zlíně nebo vzdáleným přístupem pro zaměstnance a studenty 
520 |a "In this comprehensive guide to leading innovation Stefan F. Dieffenbacher and his co-authors show you how to become an organization that plays to win. The only book on business innovation you will ever need, it is a truly practical guide to drive innovation and digital transformation in your organization. The book brings together a wealth of experience from 60 distinguished innovation leaders globally. Uniquely, this team has written the very first book on innovation that covers all domains and is end2end. The book is applicable to organizations of all types. Uniquely, this book brings together all of the working methods, separate business innovation models and processes you will ever need; including 50 ready-to-use innovation tools, models, and canvases, which you can download and immediately apply in your organization."--  |c Provided by publisher. 
588 |a Description based on online resource; title from digital title page (viewed on July 30, 2024). 
650 0 |a Business enterprises  |x Technological innovations. 
650 0 |a Technological innovations  |x Management. 
655 7 |a elektronické knihy  |7 fd186907  |2 czenas 
655 9 |a electronic books  |2 eczenas 
700 1 |a Hüttinger, Caroline,  |e author. 
700 1 |a Zaninelli, Susanne M.,  |e author. 
700 1 |a Lines, Douglas,  |e author. 
700 1 |a Rein, Andreas  |c (Organizational development leader),  |e author. 
776 0 8 |i Print version:  |a Dieffenbacher, Stefan F.  |t How to create innovation  |d Hoboken, New Jersey : Wiley, [2024]  |z 9781394254262  |w (DLC) 2024017383 
856 4 0 |u https://search.ebscohost.com/login.aspx?direct=true&scope=site&db=nlebk&db=nlabk&AN=3935976&authtype=ip,shib&custid=s3936755 
992 |c EBOOK-TN  |c EBSCO 
993 |x NEPOSILAT  |y EIZ 
999 |c 115498  |d 115498